| 000 | 01031nabaa22002417a 4500 | ||
|---|---|---|---|
| 999 |
_c6198 _d6198 |
||
| 003 | OSt | ||
| 005 | 20260125195707.0 | ||
| 008 | 190701b xxu||||| |||| 00| 0 spa d | ||
| 040 | _cPJ | ||
| 100 |
_918 _aCassagne, Juan Carlos |
||
| 245 | 1 | 3 |
_aEl acto administrativo en la Ley de Bases / _cJuan Carlos Cassagne, Pablo E. Perrino. |
| 300 | _ap. 273-298 | ||
| 500 | _aCita: TR LALEY AR/DOC/2190/2024 | ||
| 505 | _aSumario: I. Introducción.— II. Aspectos relevantes de la nueva regulación sobre el acto administrativo.— III. A modo de conclusión. | ||
| 505 | _t¿Te interesa el texto completo? Comunicate al correo: koha@justierradelfuego.gov.ar | ||
| 650 | 0 |
_9211 _aDERECHO ADMINISTRATIVO |
|
| 650 | 0 |
_91135 _aPROCEDIMIENTO ADMINISTRATIVO |
|
| 650 | 0 |
_91171 _aACTO ADMINISTRATIVO |
|
| 650 | 0 |
_aREFORMA DEL ESTADO _93177 |
|
| 700 |
_934 _aPerrino, Pablo Esteban |
||
| 773 | 0 |
_02842 _93251 _dBuenos Aires : AbeledoPerrot, 2012- _oDA121 _tDerecho administrativo. Nº 155 septiembre/octubre 2024 _z18510590 |
|
| 942 |
_2udc _cANA |
||